Je vaše podnikání zdravé?
Ako dosiahnuť efektívne a úspešné fungovanie organizácie. Analýza procesov organizácie. Komplexný prístup k hodnoteniu procesov. Medzinárodný systém hodnotenia procesov - ISRS systém (International safety rating system). Systém spĺňajúci kritériá na certifikáciu podľa noriem ISO.
Gespeichert in:
| 1. Verfasser: | |
|---|---|
| Format: | Buchkapitel |
| Sprache: | Tschechisch |
| Schlagworte: | |
| Tags: |
Keine Tags, Fügen Sie das erste Tag hinzu!
|
MARC
| LEADER | 00000naa$a2200000$$$4500 | ||
|---|---|---|---|
| 001 | 0048395 | ||
| 005 | 20231106123431.6 | ||
| 041 | 0 | |a cze | |
| 044 | |a CZ | ||
| 245 | 1 | 0 | |a Je vaše podnikání zdravé? |c Juraj Kramara |
| 520 | |a Ako dosiahnuť efektívne a úspešné fungovanie organizácie. Analýza procesov organizácie. Komplexný prístup k hodnoteniu procesov. Medzinárodný systém hodnotenia procesov - ISRS systém (International safety rating system). Systém spĺňajúci kritériá na certifikáciu podľa noriem ISO. | ||
| 610 | 2 | 0 | |a podnikanie |
| 610 | 2 | 0 | |a podnik |
| 610 | 2 | 0 | |a organizácie |
| 610 | 2 | 0 | |a výkonnosť |
| 610 | 2 | 0 | |a efektívnosť |
| 610 | 2 | 0 | |a riziko |
| 610 | 2 | 0 | |a procesy podnikové |
| 610 | 2 | 0 | |a systémy informačné |
| 610 | 2 | 0 | |a certifikácia |
| 100 | 1 | |a Kramara, Juraj | |